000 00422nam a2200181Ia 4500
001 8014
005 20260306160538.0
008 260306t2017||||xx |||||||||||||| ||spa||
041 _aESP
082 _a301.098
_bM86
100 _aMorandé, Pedro
_eAUT
245 0 _aTextos sociológicos escogidos
260 _c2017
300 _a361 páginas :
_c23 cm.
650 _aGEN
654 _aCHU
942 _cLIB
_dJUS
_fJUS
_2ddc
_n
999 _c8014
_d8014